| 000 | 00767cam a2200265 4500 | ||
|---|---|---|---|
| 001 | B3309 | ||
| 008 | 090401t1989 xxu||||| |||| 00| 0 eng d | ||
| 035 | _a(Sirsi) u55230 | ||
| 041 | _aeng | ||
| 050 | _a692.8 | ||
| 090 | _aJCT 1989/6ADE | ||
| 110 |
_aJoint Contracts Tribunal _93664 |
||
| 245 | _aPractice Note MTC/1 and guide to the JCT measured term contract | ||
| 260 |
_aLondon _bRIBA Publications Ltd _c1989 |
||
| 300 | _a44p. ; 30cm. | ||
| 350 | _a8.5 | ||
| 490 |
_aJCT Practice Note _vMTC/1 |
||
| 650 | _aJCT STANDARD FORM OF MEASURED TERM CONTRACT | ||
| 650 | _aMEASURED TERM CONTRACT | ||
| 650 | _aPRACTICE NOTE MTC/1 | ||
| 650 | _aPRACTICE NOTES | ||
| 690 | _aBUILT ENVIRONMENT-BUILDING CONTRACT FORMS | ||
| 942 | _n0 | ||
| 948 | _c04/03/1997 | ||
| 999 |
_c93581 _d93581 |
||